| 000 | 00526cam a22001457a 4500 | ||
|---|---|---|---|
| 008 | 180718b1973 xxu||||| |||| 00| 0 eng d | ||
| 082 | _aK23x54 In2/3 | ||
| 100 | _aIndia. Central Pay Commission | ||
| 245 |
_aReport of the Third Central Pay Commission, 1973 _cby Ministry of Finance |
||
| 260 |
_aDelhi _bThe Controller of Publications _c1973 |
||
| 300 | _a3v. | ||
| 500 | _aContents: v.1. 254+p;v.2. 2 Parts. Pt. 1. 200+p;Pt. 2. 175+p;v.3. 60+p | ||
| 700 | _aIndia. Ministry of Finance | ||
| 700 | _aDayal, Raghubar (Chairman) | ||
| 999 |
_c489351 _d489351 |
||